000
00316pab a2200133 454500
008
180718b xxu||||| |||| 00| 0 eng d
100
_a
Pratap K.V.
245
_a
Power sector: financing options
362
_a
6 Oct 93, p.6
650
_a
Power
650
_a
Electricity
773
_a
Financial Express
909
_a
25845
999
_c
25845
_d
25845